| 000 | 00454cam a2200181 4500 | ||
|---|---|---|---|
| 001 | D3687 | ||
| 008 | 090401t1955 xxu||||| |||| 00| 0 eng d | ||
| 035 | _a(Sirsi) u74459 | ||
| 041 | _aeng | ||
| 050 | _a749.22 | ||
| 100 | _aFastnedge, Ralph | ||
| 245 | _aEnglish furniture styles from 1500 to 1830 | ||
| 260 |
_aHarmondsworth, Middx _bPenguin Books _c1955 |
||
| 300 | _axxii. 320p. ill. 18cm | ||
| 350 | _a0.63 | ||
| 942 | _n0 | ||
| 948 | _c04/03/1997 | ||
| 999 |
_c95856 _d95856 |
||